000 00658nam a2200205Ia 4500
003 GCL
008 140319s9999 xx 000 0 ara d
040 _aGCL /
_cGCL
082 0 4 _a953.711
_bم ط
100 1 _aمحمد بركات البيلى
245 1 0 _aطليطلة فى عصرها الاسلامى 92 - 477 هـ , 712 - 1085 م /
_cمحمد بركات البيلى
260 _a[S.N] :
_bدار النهضة العربية ،
_c1993
300 _a167 ص
490 _a
650 0 4 _aالتاريخ الاسلامى
650 0 4 _aفتح الاندلس
650 0 4 _aطليطلة
650 0 4 _aالعرب فى الاندلس
942 _2ddc
_cBK
999 _c37052
_d37052